000 00598nam a2200205Ia 4500
001 17118
003 GE_BSU
008 181216s||||||||xx |||||||||||||| ||und||
040 _cGE_BSU
080 _a821.353.1-1
245 _aბრძოლა გამარჯვებამდე
245 _bლექსები
260 _aბათუმი
260 _bაჭარის სახელგამი
260 _c1941
300 _a40გვ. ; 14სმ.
653 _aბრძოლა გამარჯვებამდე
653 _aლექსები
942 _cBK
999 _c50180
_d50180